01055 a2200181 45000010006000000050017000060080041000230030015000640400040000790800078001192450070001972500012002672640034002793000026003135050472003391000033008117000029008442279920260407155518.0260407a1980 arg spa dAR-UNSa-BCEJYS aAR-UNSa-BCEJYSbspacAR-UNSa-BCEJYS a336.226.1xImpuestos a las ganancias o los beneficios (Impuesto Diferido)10aImpuesto a las gananciaspAnálisis de doctrina y jurisprudencia a2a. ed. 1aBuenos Aires :bDepalmac1980 axxvii, 729 p.c23 cm. a1. Disposiciones generales - 2. Categoría de ganancias - 3. Ganancias de la 3º categoria. Beneficios de las empresas y ciertos auxiliares de comercio - 4. Ganancias de la 4º categoria.renta del trabajo personal - 5. Ganancias de la 5º categoria.ganacias no incluidas en las restantes categorías - 6. De las deducciones - 7. Tasas del impuesto para las personas de existencia visible y sucesiones indivisas - 8. Beneficios del exterior - 9. Otras disposiciones.1 aGiuliani Fonrouge, Carlos M.1 aNavarrine, Susana Camila